000 01251nam a2200277 i 4500
001 15953
003 ES-MaACL
005 20251002202429.0
007 t|
008 000529s1998 sp ||||0| spa
020 _a84-89796-33-5
080 _a615.322(8=60)(035.3)"15"
100 1 _aAlvarez Peláez, Raquel.
_9125635
245 1 0 _aDe materia medica Novae Hispaniae libri quatuor
_b: = Cuatro libros sobre la materia médica de Nueva España : el manuscrito de Recchi /
_cRaquel Alvarez Pelèz, Florentino Fernández González.
260 _aAranjuez :
_bDoce Calles ;
_aValladolid :
_bConsejería de Educación y Cultura,
_c[1998]
300 _a2 v. :
_bil. ;
_c25 cm.
490 1 _aTheatrum naturae. Serie Textos clásicos
500 _aTexto en latín y traducción al español.
650 1 4 _aPlantas medicinales-
_zAmérica española-
_vObras anteriores a 1800.
_916119
700 0 _aHernández, Francisco,
_d1517-1587.
_tDe materia medica novae hispaniae libri quator
_962815
700 1 _aFernández González, Florentino.
_949826
710 1 _aCastilla y León.
_bConsejería de Educación y Cultura.
_92500
830 0 _aTheatrum naturae. Serie Textos clásicos
_9178659
852 _aES-MaACL
_jL-23214-15
999 _c15953
_d15953